01762nam a2200253 a 4500001001000000005001700010008004100027041000800068044000700076084002000083100004500103245009500148260003800243300001700281500033700298500056700635500000901202650005201211650005601263650003401319650004501353700006001398740005001458BRCA_244420190320203819.0181108s1804----gw-#---###---#000-0dspa-u aspa agw a084b.F76c18041 aCervantes Saavedra, Miguel ded1547-161610aEl Ingenioso Hidalgo Don Quixote de la Manchaccompuesto por Miguel de Cervantes Saavedra. aBerlínbEnrique Frölichc1804 a6 v.c20 cm. aContiene : v 1. Primera parte. Dedicatoria. Prólogo del autor. Versos preliminares. Texto. -- v 2. Texto. -- v 3. Segunda parte. Dedicatoria. Prólogo del autor. Texto . -- v 4. Texto. -- v 5. Vida del autor y notas por A. Pellicer. Advertencia de Luis Ideler. Noticia de las obras que se citan en las notas. Texto. -- v 6. Texto aEsta edición, comentada por Luis Ideler, que adicionó las notas de Pellicer, está hecha, en cuanto al texto, sobre la de éste. Es una buena impresión, muy útil además, porque a las notas y la Vida de Cervantes escritas por Pellicer, se añadieron los comentarios de la Academia Española y de J. Bowle. Retrato de Cervantes primorosamente grabado por H. Lips. Hermoso ejemplar, impreso en buen papel y con tipo de letra claro. Piel; con adornos dorados en las lomeras y los planos. Cantos, contracantos y cortes dorados también Lúdovik Osterc aQM6514aNovela españolayÉpoca clásica, 1500-170014aLiteratura españolayÉpoca clásica, 1500-170014aNovela españolaySiglo XVII14aDon Quijote (Personaje ficticio)eNovela1 aPellicer y Pilares, Juan Antoniod1746-1799eBiógrafo0 aEl Ingenioso Hidalgo Don Quijote de la Mancha